[Event "Chigorin Memorial"]
[Site "St Petersburg"]
[Date "2016.10.17"]
[Round "3.49"]
[White "Chu, Wei Chao"]
[Black "Enkhnar, Enkhbaatar"]
[Result "0-1"]
[WhiteElo "2268"]
[BlackElo "2451"]
[PlyCount "118"]
[EventDate "2016.10.15"]
[EventType "swiss"]
[EventRounds "9"]
[EventCountry "RUS"]

1. Nf3 c5 2. c4 Nc6 3. b3 Nf6 4. Bb2 g6 5. Nc3 Bg7 6. Ne4 d6 7. Nxf6+ exf6 8.
g3 a5 9. Bg2 O-O 10. O-O a4 11. bxa4 Qa5 12. d3 Qxa4 13. Nd2 Qxd1 14. Rfxd1 f5
15. Bxg7 Kxg7 16. a3 Nd4 17. e3 Nc2 18. Rac1 Nxa3 19. Rc3 Ra7 20. Ra1 Nb5 21.
Rxa7 Nxa7 22. Rb3 Nc6 23. Rb6 Kf6 24. Bxc6 bxc6 25. Rxc6 Ke7 26. Rc7+ Bd7 27.
Ra7 Rb8 28. Kf1 Rb4 29. f4 Ra4 30. Rxa4 Bxa4 31. Ke2 Kd7 32. Nb1 Kc7 33. h4 Kb6
34. Kd2 Bc6 35. Kc3 Bf3 36. Nd2 Bc6 37. d4 Bg2 38. Nb3 h5 39. Nc1 Bf1 40. Kb3
Kc6 41. Na2 d5 42. cxd5+ Kxd5 43. Nc3+ Kd6 44. Kc2 Bc4 45. Na4 cxd4 46. exd4
Kd5 47. Kc3 Bb5 48. Nc5 f6 49. Kb4 Be8 50. Kc3 Bb5 51. Nb7 Ba6 52. Nd8 Bb5 53.
Nf7 Be8 54. Nh8 Ke4 55. Kd2 Kxd4 56. Ke2 Ke4 57. Kf2 Kd5 58. Ke3 Ke6 59. Kd4
Ba4 0-1

[Event "Chigorin Memorial"]
[Site "St Petersburg"]
[Date "2016.10.17"]
[Round "3.50"]
[White "Khalafova, Narmin"]
[Black "Venkatesh, M.R."]
[Result "0-1"]
[WhiteElo "2256"]
[BlackElo "2444"]
[PlyCount "114"]
[EventDate "2016.10.15"]
[EventType "swiss"]
[EventRounds "9"]
[EventCountry "RUS"]

1. e4 g6 2. d4 Bg7 3. Nc3 d6 4. Be3 a6 5. h4 Nf6 6. f3 c6 7. Qd2 h5 8. Nh3 Bxh3
9. Rxh3 Nbd7 10. a4 b5 11. axb5 axb5 12. Rxa8 Qxa8 13. b3 O-O 14. Be2 Qa1+ 15.
Kf2 Ra8 16. g3 e5 17. Kg2 Qa5 18. Rh1 d5 19. dxe5 Nxe5 20. exd5 b4 21. Ne4 Nxd5
22. Bd4 Rd8 23. Rd1 Qc7 24. Bc5 Nd7 25. Bd4 Be5 26. Bxe5 Qxe5 27. Qd4 Qe7 28.
Bc4 Ne5 29. Kf2 Rd7 30. Nc5 Nc3 31. Nxd7 Nxd1+ 32. Qxd1 Nxd7 33. Qd4 Ne5 34.
Be2 c5 35. Qd5 Kg7 36. f4 Nd7 37. Bf3 Nf6 38. Qd3 Qe6 39. Qd1 Qh3 40. Qa1 Qf5
41. Qd1 c4 42. bxc4 Qc5+ 43. Kg2 Qxc4 44. Qd2 Qc5 45. Qd3 Ne8 46. Be4 Nc7 47.
Qd2 Ne6 48. Qd5 Qxd5 49. Bxd5 Nd4 50. Bb3 Kf6 51. Kf2 Kf5 52. Ke3 Nxb3 53. cxb3
Kg4 54. Kf2 Kh3 55. Kf3 f5 56. Kf2 Kh2 57. Kf3 Kg1 0-1

[Event "Chigorin Memorial"]
[Site "St Petersburg"]
[Date "2016.10.17"]
[Round "3.51"]
[White "Lovkov, Roman"]
[Black "Polyaninov, Aleksey"]
[Result "1/2-1/2"]
[WhiteElo "2441"]
[BlackElo "2256"]
[PlyCount "100"]
[EventDate "2016.10.15"]
[EventType "swiss"]
[EventRounds "9"]
[EventCountry "RUS"]

1. d4 Nf6 2. c4 d6 3. Nf3 Bf5 4. Qb3 Qc8 5. Nc3 h6 6. g3 c6 7. Bg2 Nbd7 8. O-O
e5 9. d5 Nc5 10. Qd1 cxd5 11. Nxd5 Nxd5 12. cxd5 a5 13. Be3 b6 14. Nd2 Be7 15.
f4 exf4 16. Bxf4 Bg6 17. Nc4 Qd8 18. Qd4 O-O 19. e4 b5 20. Ne3 Nd7 21. Rac1 Bf6
22. Qd2 Ne5 23. Kh1 Re8 24. Rf2 h5 25. Bxe5 Bxe5 26. Qd3 h4 27. Nf5 Bxf5 28.
Rxf5 g6 29. Rf3 hxg3 30. hxg3 Kg7 31. Bh3 Rh8 32. Kg2 b4 33. Qe3 Bxb2 34. Rcf1
f6 35. Be6 Be5 36. Rc1 a4 37. Rc6 b3 38. Qc1 Re8 39. axb3 a3 40. Rf1 Re7 41.
Rh1 g5 42. Bf5 Kg8 43. Rh6 Qf8 44. Qh1 Qg7 45. Be6+ Rxe6 46. Rc7 f5 47. Rxg7+
Bxg7 48. Rxe6 a2 49. exf5 a1=Q 50. Qxa1 Rxa1 1/2-1/2

[Event "Chigorin Memorial"]
[Site "St Petersburg"]
[Date "2016.10.17"]
[Round "3.52"]
[White "Vlasenko, Miroslav"]
[Black "Cherednichenko, Dmitrij"]
[Result "1-0"]
[WhiteElo "2422"]
[BlackElo "2231"]
[PlyCount "49"]
[EventDate "2016.10.15"]
[EventType "swiss"]
[EventRounds "9"]
[EventCountry "RUS"]

1. d4 Nf6 2. c4 e6 3. Nc3 Bb4 4. e3 O-O 5. Nge2 d5 6. a3 Be7 7. Nf4 dxc4 8.
Bxc4 c5 9. d5 exd5 10. Ncxd5 Nxd5 11. Nxd5 Bd6 12. O-O Nc6 13. f4 Be6 14. e4
Nd4 15. Be3 b5 16. Bxd4 bxc4 17. Bc3 f5 18. Ne3 fxe4 19. f5 Qg5 20. Qxd6 Qxe3+
21. Kh1 Bf7 22. Rf4 Bh5 23. Qd5+ Kh8 24. f6 gxf6 25. Rxf6 1-0

[Event "Chigorin Memorial"]
[Site "St Petersburg"]
[Date "2016.10.17"]
[Round "3.53"]
[White "Korchmar, Vasiliy"]
[Black "Semenenko, Sergey"]
[Result "1/2-1/2"]
[WhiteElo "2412"]
[BlackElo "2184"]
[PlyCount "86"]
[EventDate "2016.10.15"]
[EventType "swiss"]
[EventRounds "9"]
[EventCountry "RUS"]

1. c4 Nf6 2. g3 e6 3. Bg2 d5 4. Nf3 c6 5. d4 Be7 6. O-O O-O 7. Nc3 Nbd7 8. Bf4
Nh5 9. Bc1 Nhf6 10. Qd3 b6 11. e4 Ba6 12. b3 Rc8 13. Rd1 Ne8 14. Bf4 Nef6 15.
Nd2 h6 16. Rac1 Nh5 17. Be3 Nhf6 18. h3 Nxe4 19. Ndxe4 dxe4 20. Qxe4 Nf6 21.
Qb1 Qd7 22. Qb2 b5 23. Nb1 Rfd8 24. Nd2 bxc4 25. bxc4 Qc7 26. Nb3 Qb7 27. Qc2
Qb4 28. Kh2 Qa4 29. Bf1 Ba3 30. Rb1 Nd7 31. Qc3 Bb4 32. Qb2 Ba3 33. Qc3 Bb4 34.
Qa1 Ba3 35. Qc3 Bb4 36. Qa1 Ba3 37. Nd2 c5 38. Ne4 cxd4 39. Bxd4 Bf8 40. Nc3
Qc6 41. Bg2 Qxc4 42. Bf1 Qc6 43. Bg2 Qc7 1/2-1/2

[Event "Chigorin Memorial"]
[Site "St Petersburg"]
[Date "2016.10.17"]
[Round "3.54"]
[White "Puraev, Artemiy"]
[Black "Drygalov, Sergey"]
[Result "0-1"]
[WhiteElo "2204"]
[BlackElo "2409"]
[PlyCount "80"]
[EventDate "2016.10.15"]
[EventType "swiss"]
[EventRounds "9"]
[EventCountry "RUS"]

1. d4 Nf6 2. Nf3 g6 3. g3 Bg7 4. b3 d5 5. Bb2 O-O 6. Bg2 a5 7. c4 a4 8. O-O c6
9. Ne5 Nbd7 10. cxd5 Nxe5 11. dxe5 Nxd5 12. bxa4 Nb6 13. f4 Nxa4 14. Bd4 Qa5
15. Nd2 Be6 16. Nb3 Qb4 17. Qe1 Qxe1 18. Raxe1 Rfd8 19. Rd1 Bc4 20. Kf2 e6 21.
Rd2 Bf8 22. Rc1 Bxb3 23. axb3 Nc5 24. Rc3 Ra3 25. Be3 Rxd2 26. Bxd2 Rxb3 27.
Rc2 Na4 28. Bf3 Nb6 29. Bc1 Nd5 30. Ra2 Rb1 31. Be3 Nxe3 32. Kxe3 Bc5+ 33. Kd3
Bg1 34. g4 Rb3+ 35. Kc4 Rb1 36. Be4 Rc1+ 37. Kd3 Rd1+ 38. Kc3 Rd4 39. f5 exf5
40. gxf5 Rxe4 0-1

[Event "Chigorin Memorial"]
[Site "St Petersburg"]
[Date "2016.10.17"]
[Round "3.56"]
[White "Lagashin, Pavel"]
[Black "Arslanov, Shamil"]
[Result "1-0"]
[WhiteElo "2212"]
[BlackElo "2398"]
[PlyCount "107"]
[EventDate "2016.10.15"]
[EventType "swiss"]
[EventRounds "9"]
[EventCountry "RUS"]

1. Nf3 d5 2. d4 Nf6 3. c4 c6 4. Nc3 dxc4 5. a4 Bf5 6. e3 Na6 7. Bxc4 Nb4 8. O-O
e6 9. Ne5 Be7 10. f3 Bc2 11. Qe2 Nd7 12. f4 O-O 13. a5 c5 14. d5 Nxe5 15. fxe5
exd5 16. Nxd5 Bg6 17. Nxb4 cxb4 18. b3 Bc5 19. Bb2 Qg5 20. Bd4 Rac8 21. e6 Qe7
22. exf7+ Kh8 23. Qg4 Rc7 24. Rae1 b5 25. axb6 axb6 26. h4 b5 27. Be6 Qd6 28.
h5 Bxd4 29. exd4 Bxf7 30. Qf4 Qxf4 31. Rxf4 g5 32. hxg6 hxg6 33. Ref1 Bxe6 34.
Rxf8+ Kg7 35. Rb8 Rc3 36. Rf3 Rc1+ 37. Kh2 Rd1 38. Rb7+ Kh6 39. Rb6 Bd5 40.
Rh3+ Kg7 41. Rg3 Rxd4 42. Rgxg6+ Kf7 43. Rgd6 Ke7 44. Rh6 Bg8 45. Rb7+ Rd7 46.
Rxd7+ Kxd7 47. Rb6 Bxb3 48. Rxb5 Ke6 49. Rxb4 Bd1 50. Rf4 Bh5 51. Kg3 Bf7 52.
Rxf7 Kxf7 53. Kg4 Kf6 54. Kh5 1-0

[Event "Chigorin Memorial"]
[Site "St Petersburg"]
[Date "2016.10.17"]
[Round "3.57"]
[White "Shuvalova, Polina"]
[Black "Nesterov, Arseniy"]
[Result "1-0"]
[WhiteElo "2393"]
[BlackElo "2214"]
[PlyCount "65"]
[EventDate "2016.10.15"]
[EventType "swiss"]
[EventRounds "9"]
[EventCountry "RUS"]

1. e4 e5 2. Nf3 Nc6 3. Bb5 a6 4. Ba4 Nf6 5. O-O b5 6. Bb3 Bc5 7. c3 d6 8. a4
Rb8 9. d4 Bb6 10. a5 Ba7 11. h3 O-O 12. Be3 exd4 13. cxd4 Nxe4 14. Qc2 Qe8 15.
Nc3 Nxc3 16. Qxc3 Ne7 17. Rfe1 Qd7 18. Rac1 c6 19. Bg5 Nf5 20. Qxc6 Qxc6 21.
Rxc6 Nxd4 22. Nxd4 Bxd4 23. Re2 Be5 24. Be7 Bb7 25. Rb6 Rfc8 26. Rxe5 dxe5 27.
Bd6 Rc1+ 28. Kh2 Rd8 29. Rxb7 Kh8 30. Rxf7 Re1 31. Bf8 Rd3 32. Bxg7+ Kg8 33.
Bh6 1-0

[Event "Chigorin Memorial"]
[Site "St Petersburg"]
[Date "2016.10.17"]
[Round "3.59"]
[White "Sergienko, Sergey"]
[Black "Tsoi, Dmitry"]
[Result "1-0"]
[WhiteElo "2361"]
[BlackElo "2160"]
[PlyCount "137"]
[EventDate "2016.10.15"]
[EventType "swiss"]
[EventRounds "9"]
[EventCountry "RUS"]

1. Nf3 d5 2. g3 Bg4 3. Bg2 Nd7 4. d3 c6 5. O-O Ngf6 6. Qe1 e5 7. e4 dxe4 8.
dxe4 Bd6 9. Nbd2 O-O 10. h3 Bh5 11. Nh4 Re8 12. Nc4 Bf8 13. b3 Qc7 14. Bb2 a5
15. a4 b6 16. Kh2 Nc5 17. f3 Nfd7 18. Rf2 f6 19. Rd2 Bf7 20. Bf1 Rad8 21. Nf5
Nb7 22. Bc3 g6 23. Nh4 Ndc5 24. Rxd8 Rxd8 25. Ne3 Ne6 26. Ng4 Bg7 27. Qe3 Kh8
28. Qf2 Nbc5 29. Bc4 Rd7 30. Ne3 Qd8 31. Nhg2 Bg8 32. h4 h5 33. Qf1 Nd4 34.
Bxg8 Kxg8 35. Qf2 Kh7 36. Re1 Bf8 37. Nc4 Nce6 38. Nge3 Bc5 39. Kg2 b5 40. Bxa5
Qb8 41. axb5 cxb5 42. Nd5 Rxd5 43. exd5 Nf5 44. Qd2 Nxh4+ 45. gxh4 Nf4+ 46. Kh1
Qc8 47. Qh2 bxc4 48. bxc4 Qf5 49. Bd2 Nh3 50. Be3 Bxe3 51. Rxe3 e4 52. Qc7+ Kh6
53. Qb8 Kh7 54. Qg3 g5 55. Rxe4 g4 56. Kh2 Kh6 57. d6 gxf3 58. Re7 Ng5 59.
hxg5+ fxg5 60. Kg1 h4 61. Qf2 Qg4+ 62. Kh2 Qf4+ 63. Kh1 Qxd6 64. Re1 Qf6 65.
Qe3 Kh5 66. Qe8+ Kg4 67. Qe4+ Kh5 68. Rg1 f2 69. Qh7+ 1-0

[Event "Chigorin Memorial"]
[Site "St Petersburg"]
[Date "2016.10.17"]
[Round "3.60"]
[White "Fier, Alexandr"]
[Black "Korchagina, Viktoria"]
[Result "1-0"]
[WhiteElo "2614"]
[BlackElo "2126"]
[PlyCount "81"]
[EventDate "2016.10.15"]
[EventType "swiss"]
[EventRounds "9"]
[EventCountry "RUS"]

1. e4 c5 2. Nf3 d6 3. d4 cxd4 4. Nxd4 Nf6 5. Nc3 a6 6. Bg5 Nbd7 7. f4 Qc7 8.
Qf3 h6 9. Bxf6 Nxf6 10. f5 Qc5 11. O-O-O g5 12. Na4 Qb4 13. e5 g4 14. Qe2 dxe5
15. Qxe5 Bg7 16. Nc3 O-O 17. a3 Qd6 18. Qxd6 exd6 19. g3 Bd7 20. Bg2 Rab8 21.
Rhf1 Rfe8 22. Nb3 Re5 23. Rxd6 Bxf5 24. Nd4 Be4 25. Nxe4 Nxe4 26. Rb6 Rd8 27.
Nb3 Nd6 28. Rd1 Re6 29. Nc5 Rg6 30. Ne4 Be5 31. c4 f5 32. Nc3 Rf6 33. Nd5 Rf7
34. c5 Rc8 35. b4 Nc4 36. Rxh6 Kg7 37. Re6 Rh8 38. Bf1 Bb2+ 39. Kb1 Rxh2 40.
Bxc4 Bxa3 41. Re2 1-0

[Event "Chigorin Memorial"]
[Site "St Petersburg"]
[Date "2016.10.17"]
[Round "3.61"]
[White "Aleksandrov, Aleksej"]
[Black "Hakobyan, Hovhannes H"]
[Result "1-0"]
[WhiteElo "2568"]
[BlackElo "2136"]
[PlyCount "49"]
[EventDate "2016.10.15"]
[EventType "swiss"]
[EventRounds "9"]
[EventCountry "RUS"]

1. d4 Nf6 2. c4 g6 3. Nc3 Bg7 4. e4 d6 5. h3 O-O 6. Be3 c5 7. dxc5 Qa5 8. Bd3
dxc5 9. e5 Nfd7 10. f4 Nc6 11. Nf3 Rd8 12. Qb1 Nb6 13. O-O Na4 14. Nd5 Nb4 15.
Bd2 e6 16. Ne7+ Kf8 17. Nxc8 Raxc8 18. a3 Rxd3 19. axb4 Qd8 20. Rxa4 Rxd2 21.
Nxd2 Qxd2 22. Qe4 Rd8 23. Rxa7 cxb4 24. Qxb7 Qd4+ 25. Kh1 1-0

[Event "Chigorin Memorial"]
[Site "St Petersburg"]
[Date "2016.10.17"]
[Round "3.62"]
[White "Chigaev, Maksim"]
[Black "Barchuk, Irina"]
[Result "1-0"]
[WhiteElo "2551"]
[BlackElo "2126"]
[PlyCount "83"]
[EventDate "2016.10.15"]
[EventType "swiss"]
[EventRounds "9"]
[EventCountry "RUS"]

1. Nf3 g6 2. g3 Bg7 3. d4 Nf6 4. Bg2 O-O 5. O-O d6 6. b3 Nc6 7. Bb2 Bf5 8. c4
d5 9. Nbd2 e6 10. a3 Ne4 11. e3 Bg4 12. h3 Bxf3 13. Nxf3 f5 14. Qc2 g5 15. Nd2
Nxd2 16. Qxd2 f4 17. Qe2 Qd7 18. Qg4 Qf7 19. Bf3 h6 20. h4 gxh4 21. gxf4 Na5
22. cxd5 exd5 23. Bc3 Nc6 24. Kh1 Kh8 25. Qxh4 Ne7 26. Bb4 Nf5 27. Qh5 Qxh5+
28. Bxh5 Rf6 29. Rg1 a5 30. Bd2 Nd6 31. Bf3 c6 32. a4 Ne4 33. Bxe4 dxe4 34.
Rac1 Rf5 35. Kg2 Bf8 36. f3 exf3+ 37. Kxf3 Rh5 38. Rh1 Rxh1 39. Rxh1 Kh7 40. f5
Be7 41. e4 Rd8 42. Bxh6 1-0

[Event "Chigorin Memorial"]
[Site "St Petersburg"]
[Date "2016.10.17"]
[Round "3.64"]
[White "Veselov, Andrey"]
[Black "Ladva, Ottomar"]
[Result "0-1"]
[WhiteElo "2122"]
[BlackElo "2513"]
[PlyCount "114"]
[EventDate "2016.10.15"]
[EventType "swiss"]
[EventRounds "9"]
[EventCountry "RUS"]

1. e4 c5 2. Nf3 e6 3. d4 cxd4 4. Nxd4 Nc6 5. Nc3 Qc7 6. Be3 a6 7. a3 b5 8. Be2
Bb7 9. O-O Nf6 10. f4 Nxd4 11. Qxd4 Rc8 12. e5 Nd5 13. Nxd5 Bxd5 14. c3 Bc5 15.
Qxc5 Qxc5 16. Bxc5 Rxc5 17. a4 Ke7 18. axb5 axb5 19. Ra5 Rb8 20. Rd1 g5 21. g3
gxf4 22. gxf4 Rg8+ 23. Kf1 Bg2+ 24. Kf2 Bc6 25. Bf3 Bxf3 26. Kxf3 Rd8 27. Rd3
f6 28. b4 Rc7 29. Rxb5 Rdc8 30. exf6+ Kxf6 31. Rh5 Rxc3 32. Ke3 R8c4 33. Rxc3
Rxc3+ 34. Kd4 Rf3 35. Rxh7 Rxf4+ 36. Kc5 Rf5+ 37. Kd6 Rd5+ 38. Kc7 e5 39. Rxd7
Rb5 40. Rd6+ Kf5 41. Rh6 Rxb4 42. Rh5+ Ke6 43. Kc6 Rc4+ 44. Kb5 Rc8 45. Kb4 Kd5
46. h4 Kd4 47. Rh7 Rb8+ 48. Ka3 e4 49. h5 e3 50. h6 Re8 51. Rd7+ Ke4 52. h7 e2
53. Ka4 Ke3 54. h8=Q Rxh8 55. Re7+ Kd2 56. Rd7+ Ke1 57. Kb3 Rf8 0-1

[Event "Chigorin Memorial"]
[Site "St Petersburg"]
[Date "2016.10.17"]
[Round "3.65"]
[White "Iljiushenok, Ilia"]
[Black "Utiatskaja, Irina"]
[Result "1-0"]
[WhiteElo "2505"]
[BlackElo "2123"]
[PlyCount "57"]
[EventDate "2016.10.15"]
[EventType "swiss"]
[EventRounds "9"]
[EventCountry "RUS"]

1. e4 c5 2. Nf3 d6 3. d4 cxd4 4. Nxd4 Nf6 5. Nc3 a6 6. Bg5 e6 7. f4 Be7 8. Qf3
Nbd7 9. O-O-O Qc7 10. g4 b5 11. Bxf6 Nxf6 12. g5 Nd7 13. f5 O-O 14. Rg1 b4 15.
Nce2 e5 16. f6 exd4 17. fxe7 Re8 18. Nxd4 Ne5 19. Qg3 g6 20. Kb1 Rxe7 21. Qh4
Rb8 22. Rg3 Nc6 23. Nf5 gxf5 24. Rh3 Kf8 25. Qxh7 Ke8 26. g6 fxg6 27. Qxg6+ Rf7
28. Rh8+ Ke7 29. Qxf7+ 1-0

[Event "Chigorin Memorial"]
[Site "St Petersburg"]
[Date "2016.10.17"]
[Round "3.66"]
[White "Sazonova, Anastasia"]
[Black "Abergel, Thal"]
[Result "0-1"]
[WhiteElo "2115"]
[BlackElo "2475"]
[PlyCount "170"]
[EventDate "2016.10.15"]
[EventType "swiss"]
[EventRounds "9"]
[EventCountry "RUS"]

1. d4 Nf6 2. c4 e6 3. Nf3 d5 4. Bg5 Bb4+ 5. Nbd2 dxc4 6. Qa4+ Nc6 7. e3 Qd5 8.
Bxf6 gxf6 9. a3 b5 10. Qc2 Ba5 11. Be2 Bb7 12. O-O Bxd2 13. Qxd2 Rg8 14. Qc2
Ne7 15. Rfc1 Qh5 16. Ne1 Qh3 17. Bf1 Nf5 18. g3 Qg4 19. Bg2 Bxg2 20. Nxg2 Nd6
21. Qxh7 Ke7 22. Qh4 Qxh4 23. Nxh4 Ne4 24. Nf3 Rgc8 25. Kf1 c5 26. Ke2 Nd6 27.
Rc2 a5 28. h4 cxd4 29. Nxd4 e5 30. Nf3 b4 31. axb4 axb4 32. Rxa8 Rxa8 33. Nd2
Rc8 34. g4 Ke6 35. Rc1 f5 36. f3 fxg4 37. fxg4 c3 38. bxc3 bxc3 39. Nb1 Ne4 40.
Kf3 Rc4 41. Ke2 Nf6 42. Nxc3 Rxg4 43. Rh1 Nh5 44. Kf3 f5 45. Ne2 Kf6 46. Kf2
Ra4 47. Nc3 Rc4 48. Ne2 Rb4 49. Rg1 Rxh4 50. Rg8 Rc4 51. Ng3 Ng7 52. Rf8+ Kg6
53. Rg8 Kf7 54. Ra8 e4 55. Ra6 Rc2+ 56. Kf1 Rc5 57. Ra4 Re5 58. Ra6 Ne6 59. Ne2
Rb5 60. Kf2 Rb2 61. Kf1 Rb3 62. Kf2 Rb2 63. Kf1 Rb5 64. Kf2 Rc5 65. Rb6 Ra5 66.
Kf1 Ke7 67. Kf2 Ra2 68. Kf1 Kf7 69. Rc6 Ra3 70. Kf2 Ng7 71. Ng3 Ra2+ 72. Kf1
Ra5 73. Rc4 Ne8 74. Nxe4 fxe4 75. Rxe4 Nd6 76. Rf4+ Ke6 77. Ke2 Ke5 78. Rb4 Ra3
79. Kf3 Nf5 80. Rb5+ Kf6 81. Kf2 Nxe3 82. Rh5 Nf5 83. Rh8 Nd6 84. Rh5 Ne4+ 85.
Ke1 Ra1+ 0-1

[Event "Chigorin Memorial"]
[Site "St Petersburg"]
[Date "2016.10.17"]
[Round "3.67"]
[White "Tran, Tuan Minh"]
[Black "Baranov, Andrey"]
[Result "1-0"]
[WhiteElo "2468"]
[BlackElo "2121"]
[PlyCount "91"]
[EventDate "2016.10.15"]
[EventType "swiss"]
[EventRounds "9"]
[EventCountry "RUS"]

1. c4 Nf6 2. d4 g6 3. Nc3 d5 4. Bg5 Bg7 5. Bxf6 Bxf6 6. cxd5 c5 7. Nf3 cxd4 8.
Nxd4 Qb6 9. e3 O-O 10. Qd2 Na6 11. Bc4 Nc5 12. O-O Qb4 13. Bb5 Nd7 14. Rfd1 Bg7
15. Rac1 Nf6 16. Be2 a6 17. Bf3 h5 18. h3 Bh6 19. Ne4 Qb6 20. Nxf6+ Qxf6 21.
Rc7 Qd6 22. Rdc1 Bg7 23. R1c3 Be5 24. Qc2 Qd8 25. R7c4 Bd6 26. Ne6 Bxe6 27.
dxe6 f5 28. e4 Qa5 29. Kf1 Qxa2 30. exf5 Qa1+ 31. Bd1 Qa5 32. fxg6 Rad8 33. Bf3
Be5 34. Ra3 Qb5 35. Rb3 Qa5 36. Rc5 Qa1+ 37. Qc1 Qxc1+ 38. Rxc1 b5 39. Rc5 Rf5
40. Re3 Rxf3 41. Rxf3 Bxb2 42. Rf7 b4 43. Rxe7 Bf6 44. Rb7 Bc3 45. e7 Re8 46.
Rd5 1-0

[Event "Chigorin Memorial"]
[Site "St Petersburg"]
[Date "2016.10.17"]
[Round "3.68"]
[White "Smirnov, Artem"]
[Black "Golikov, Daniil"]
[Result "1/2-1/2"]
[WhiteElo "2409"]
[BlackElo "2114"]
[PlyCount "80"]
[EventDate "2016.10.15"]
[EventType "swiss"]
[EventRounds "9"]
[EventCountry "RUS"]

1. Nf3 d5 2. g3 c5 3. Bg2 Nc6 4. d4 e6 5. c4 dxc4 6. Be3 Nf6 7. O-O Nd5 8. Nc3
Nxc3 9. bxc3 Qa5 10. Nd2 cxd4 11. cxd4 c3 12. Nc4 Qa6 13. Qb3 Bd7 14. Rac1 Be7
15. Rxc3 Rc8 16. Rfc1 O-O 17. a4 b6 18. Qb5 Qxb5 19. axb5 Nb4 20. Ne5 Rxc3 21.
Rxc3 Bxb5 22. Rc7 Bd6 23. Rxa7 Bxe2 24. Rd7 Bxe5 25. dxe5 Nd5 26. Bxd5 exd5 27.
f4 b5 28. Kf2 Bc4 29. Bc5 Re8 30. Ke3 d4+ 31. Kxd4 g6 32. Be7 h5 33. Rb7 Rc8
34. Bf6 Ra8 35. Kc5 Rc8+ 36. Kd6 Kf8 37. e6 Bxe6 38. Rxb5 Ra8 39. Rb6 Rc8 40.
Rb7 Ra8 1/2-1/2

[Event "Chigorin Memorial"]
[Site "St Petersburg"]
[Date "2016.10.17"]
[Round "3.69"]
[White "Tersinsev, Andrey"]
[Black "Apryshko, Gleb"]
[Result "0-1"]
[WhiteElo "2107"]
[BlackElo "2392"]
[PlyCount "100"]
[EventDate "2016.10.15"]
[EventType "swiss"]
[EventRounds "9"]
[EventCountry "RUS"]

1. c4 Nf6 2. d4 g6 3. Nc3 Bg7 4. e4 O-O 5. Be2 d6 6. Bg5 a6 7. Qd2 c5 8. d5 b5
9. cxb5 Qa5 10. b6 Nbd7 11. b7 Bxb7 12. Nf3 Nb6 13. O-O Rfe8 14. Qc2 Rac8 15.
Nd2 c4 16. Be3 Nfd7 17. Rfc1 e6 18. dxe6 fxe6 19. Nf3 d5 20. exd5 Nxd5 21. Nxd5
exd5 22. Rd1 Re4 23. Nd2 Re7 24. Nf3 Rce8 25. Nd4 Nc5 26. Bf3 Rxe3 27. fxe3
Rxe3 28. Qf2 Re8 29. Re1 Rxe1+ 30. Rxe1 h5 31. Re8+ Kh7 32. Bxh5 Qb6 33. Ne6
Qxb2 34. Bxg6+ Kxg6 35. Qg3+ Kf7 36. Qxg7+ Qxg7 37. Nxg7 c3 38. Re3 d4 39. Nf5
dxe3 40. Nxe3 Be4 41. Kf2 c2 42. Nxc2 Bxc2 43. Ke3 Ke6 44. Kd4 Kd6 45. g4 Bd1
46. g5 Ne6+ 47. Kc4 Nxg5 48. Kb4 Kc6 49. Ka5 Kb7 50. h4 Ne6 0-1

[Event "Chigorin Memorial"]
[Site "St Petersburg"]
[Date "2016.10.17"]
[Round "3.70"]
[White "Ponfilenok, Vladimir"]
[Black "Yeritsyan, Aram"]
[Result "1-0"]
[WhiteElo "2390"]
[BlackElo "2114"]
[PlyCount "137"]
[EventDate "2016.10.15"]
[EventType "swiss"]
[EventRounds "9"]
[EventCountry "RUS"]

1. d4 Nf6 2. c4 e6 3. g3 Bb4+ 4. Bd2 Qe7 5. Bg2 O-O 6. e4 e5 7. dxe5 Bxd2+ 8.
Qxd2 Qxe5 9. Nc3 d6 10. Nge2 Nc6 11. O-O Bg4 12. f3 Qc5+ 13. Kh1 Be6 14. b3 a5
15. Nf4 Ne5 16. Rad1 Qb4 17. Nb5 Rfc8 18. Nxe6 Qxd2 19. Rxd2 fxe6 20. f4 Nc6
21. Bh3 Kf7 22. e5 Ne8 23. exd6 Nxd6 24. Re1 Nd8 25. Nxd6+ cxd6 26. Rxd6 Rc7
27. a4 Re7 28. Re5 Kf6 29. Rf5+ Kg6 30. Rb5 Kf7 31. Bg2 Rc7 32. Rdb6 Ra7 33. f5
Nc6 34. fxe6+ Kxe6 35. Rc5 Kd6 36. Rbb5 g6 37. Rd5+ Ke7 38. Bf3 Rd7 39. Kg2
Rxd5 40. cxd5 Nd8 41. Rb6 Ra6 42. Rb5 Kd6 43. Kf2 b6 44. Be2 Nb7 45. b4 Kc7 46.
Ke3 axb4 47. Rxb4 Ra5 48. Rh4 h5 49. Bd3 Rxd5 50. Bxg6 Nc5 51. Bxh5 Rd3+ 52.
Ke2 Ra3 53. Be8 Ra2+ 54. Ke3 Ra1 55. Bb5 Kd6 56. Rh6+ Ke5 57. Kf3 Ra3+ 58. Kg4
Nxa4 59. Bxa4 Rxa4+ 60. Kg5 Rb4 61. h4 Rb3 62. g4 Rb4 63. h5 Rb5 64. Rf6 Rb2
65. Kg6 b5 66. h6 Rh2 67. Rf5+ Ke6 68. h7 b4 69. Rh5 1-0

[Event "Chigorin Memorial"]
[Site "St Petersburg"]
[Date "2016.10.17"]
[Round "3.71"]
[White "Navrodskiy, Boris"]
[Black "Urazayev, Arystanbek"]
[Result "1/2-1/2"]
[WhiteElo "2099"]
[BlackElo "2377"]
[PlyCount "82"]
[EventDate "2016.10.15"]
[EventType "swiss"]
[EventRounds "9"]
[EventCountry "RUS"]

1. d4 Nf6 2. c4 e6 3. Nf3 b6 4. g3 Ba6 5. b3 Bb4+ 6. Bd2 Be7 7. Bg2 c6 8. O-O
d5 9. Ne5 Nfd7 10. Nxd7 Nxd7 11. Bc3 O-O 12. Nd2 Rc8 13. Re1 c5 14. cxd5 exd5
15. Rc1 cxd4 16. Bxd4 Rxc1 17. Qxc1 Nc5 18. Qb2 Ne6 19. Nf3 Nxd4 20. Nxd4 Bf6
21. Rd1 Qd6 22. e3 g6 23. Qd2 Rc8 24. Rc1 Rc5 25. h4 h5 26. Bf3 Bc8 27. Rd1 Bg4
28. Bxg4 hxg4 29. Qe2 Qd7 30. Kg2 Rc8 31. Qd3 Be5 32. Ne2 Rd8 33. Nd4 Rc8 34.
Ne2 Rd8 35. Nd4 Qe8 36. Qe2 Qd7 37. Qd3 Qe8 38. Qe2 Qd7 39. Qd3 Qe8 40. Qe2 Qd7
41. Qd3 Qe8 1/2-1/2

[Event "Chigorin Memorial"]
[Site "St Petersburg"]
[Date "2016.10.17"]
[Round "3.72"]
[White "Martynov, Pavel"]
[Black "Rudenko, Naum"]
[Result "1/2-1/2"]
[WhiteElo "2374"]
[BlackElo "2102"]
[PlyCount "207"]
[EventDate "2016.10.15"]
[EventType "swiss"]
[EventRounds "9"]
[EventCountry "RUS"]

1. Nf3 d5 2. g3 Nf6 3. Bg2 Nc6 4. d4 Bf5 5. c3 e6 6. Nbd2 h6 7. O-O Bd6 8. c4
O-O 9. b3 a5 10. Bb2 a4 11. bxa4 Nb8 12. Qb3 Qd7 13. Qxb7 Nc6 14. Qb3 Rfb8 15.
Qc3 Bb4 16. Qc1 Ne4 17. cxd5 exd5 18. Nxe4 dxe4 19. Nh4 Bh7 20. Rd1 Qd5 21. g4
Rxa4 22. Nf5 Bxf5 23. gxf5 Bf8 24. e3 Ne7 25. Rd2 Nxf5 26. Qc2 Rc4 27. Qxe4 Qa5
28. Re2 Ra4 29. Qd5 Rb5 30. Qd7 Nh4 31. Be4 Rg5+ 32. Kf1 Rxa2 33. Rxa2 Qxa2 34.
f4 Rh5 35. Bc3 Qc4 36. Be1 Qe6 37. Qxe6 fxe6 38. Bf2 g5 39. d5 exd5 40. Bxd5+
Kg7 41. fxg5 Rxg5 42. e4 Nf3 43. Be3 Rh5 44. Rf2 Ne5 45. Bd4 Bd6 46. h4 Kg6 47.
Rf4 Be7 48. Be6 Bf6 49. Bf5+ Kg7 50. Kg2 Nd7 51. Bxf6+ Nxf6 52. Kg3 c5 53. Rf3
c4 54. e5 Nd5 55. Kg4 Rxf5 56. Kxf5 c3 57. Rg3+ Kf7 58. Ke4 c2 59. Rg1 Ke6 60.
Rc1 Nc3+ 61. Ke3 Nd5+ 62. Kd4 Nb4 63. Kc4 Nc6 64. Rxc2 Nxe5+ 65. Kc5 Ng6 66.
Rc4 Ne5 67. Ra4 Kf5 68. Kd4 Kf4 69. Kd5+ Kf5 70. Kd6 Nf3 71. Ke7 Kg6 72. Rf4
Ne1 73. Rg4+ Kh5 74. Rg1 Nf3 75. Rg3 Nd4 76. Kf6 Kxh4 77. Rg6 Kh5 78. Rg2 Nf3
79. Rg3 Nh4 80. Ke6 Ng6 81. Kf5 Ne7+ 82. Ke5 Ng6+ 83. Kf6 Nh4 84. Rg1 Nf3 85.
Rg2 Kh4 86. Kf5 Ng5 87. Kf4 Ne6+ 88. Ke5 Ng5 89. Kf5 Kh3 90. Rg1 Kh2 91. Rg4
Kh3 92. Rg1 Kh2 93. Rb1 Kg3 94. Kg6 Ne4 95. Kxh6 Kf4 96. Rb4 Kf5 97. Kg7 Ke5
98. Kg6 Kd5 99. Kf5 Nd6+ 100. Kf4 Ke6 101. Rb6 Kd5 102. Ra6 Nc4 103. Kf5 Nd6+
104. Rxd6+ 1/2-1/2

[Event "Chigorin Memorial"]
[Site "St Petersburg"]
[Date "2016.10.17"]
[Round "3.73"]
[White "Selivanov, Ivan"]
[Black "Tologontegin, Semetey"]
[Result "0-1"]
[WhiteElo "2094"]
[BlackElo "2371"]
[PlyCount "72"]
[EventDate "2016.10.15"]
[EventType "swiss"]
[EventRounds "9"]
[EventCountry "RUS"]

1. e4 e6 2. d4 b6 3. Nf3 Bb7 4. Bd3 Nf6 5. Nbd2 d5 6. e5 Ne4 7. Qe2 Nxd2 8.
Bxd2 c5 9. c3 Qc8 10. a4 Ba6 11. b4 Bxd3 12. Qxd3 Be7 13. O-O Nc6 14. bxc5 bxc5
15. c4 Qa6 16. Rfc1 O-O 17. dxc5 Rfd8 18. Ng5 Bxg5 19. Bxg5 Rd7 20. Qg3 Kh8 21.
Qf4 d4 22. Qe4 h6 23. Bf4 Rad8 24. Ra3 d3 25. Be3 Nd4 26. Kf1 Nc2 27. Rc3 Qxa4
28. c6 Nxe3+ 29. Qxe3 Qxc6 30. Rd1 a5 31. f3 Rd4 32. c5 R8d5 33. Kf2 a4 34.
Rcxd3 Rxd3 35. Rxd3 Rxd3 36. Qxd3 Qxc5+ 0-1